| 000 | 01360cam a22001814a 4500 | ||
|---|---|---|---|
| 005 | 20250605164125.0 | ||
| 008 | 250528s ||||||||||||||||||||||||d | ||
| 035 | _a18418 | ||
| 040 |
_aGR-AtMCL _bgre _dGR-AtMCL _eAACR2 |
||
| 245 | 1 | _aΔιεθνές Εμπόριο | |
| 260 |
_bΣύγχρονη Εκδοτική, _c1991 |
||
| 300 | _a224 | ||
| 520 | _aΕισαγωγή, Οι Διεθνείς Οικονομικές Σχέσεις: εΙΣΑΓΩΓΉ, Η Καθαρή Θεωρία του Διεθνούς Εμπορίου: Η Προσφορά, Η Καθαρή Θεωρία του Διεθνούς Εμπορίου: Η Ζήτηση, Ο Προσδιορισμός του Εθνικού Εισοδήματος σε μια Ανοικτή Οικονομία, Η Αγορά Συναλλάγματος, Το Ισοζύγιο Πληρωμών, Η Θεωρία των Δασμών, Η Θεωρία των Τελενειακών Ενώσεων, Οι Δυναμικοί Παράγοντες που Επηρεάζουν το Διεθνές Εμπόριο, Διεθνείς, Οι Μακροχρόνιες Κινήσεις Κεφαλαίων των Βραχυχρόνιων Διεθνών Κινήσεων Κεφαλαίων, Βιβλιογραφία. | ||
| 700 | 1 |
_aΜορφοβασίλης Δημήτρης Στ _94689 |
|
| 942 | _cBK | ||
| 999 |
_c3779 _d3779 |
||